00428nam a2200145Ia 4500008004100000041000900041082001800050100001500068245003000083260004100113300000800154650000800162999001700170952009500187230718s9999 xx 000 0 und d aEng. a342.57bZAF-I aZafar, M.A 0aIslamic Republic Pakistan aPakistanbkausar law publisherc1997 a239 aLaw c29434d29434 00104070aSIRC-LbSIRC-Ld2023-07-18l0o342.57 ZAF-Ip24385r2023-07-18w2023-07-18yBK